Ada, an introduction /
Guardado en:
| Autor Principal: | |
|---|---|
| Formato: | Libro |
| Idioma: | English |
| Publicado: |
New York :
Springer-Verlag,
1983.
|
| Edición: | 2nd ed. |
| Materias: | |
| Etiquetas: |
Agregar Etiqueta
Sin Etiquetas, Sea el primero en etiquetar este registro!
|
| LEADER | 00595cam a2200205 a 4500 | ||
|---|---|---|---|
| 001 | MAT.inmabb004097 | ||
| 008 | 821109s1983####nyu###########001#0#eng## | ||
| 005 | 20160608155631.0 | ||
| 245 | 1 | 0 | |a Ada, an introduction / |c by Henry Ledgard. |
| 250 | |a 2nd ed. | ||
| 260 | |a New York : |b Springer-Verlag, |c 1983. | ||
| 300 | |a viii, 135 p. ; |c 27 cm. | ||
| 020 | |a 0387908145 | ||
| 020 | |z 0387905685 | ||
| 100 | 1 | |a Ledgard, Henry F., |d 1943- | |
| 650 | 0 | |a Ada (Computer program language) | |
| 084 | |a 68N15 |2 msc2000 | ||
| 010 | |a 82019444 | ||
| 040 | |a DLC |c DLC |d DLC | ||
| 859 | |h 68 |i L473a |p A-5921 |b BIB. MATEMATICA | ||
